Online
Catalog

Retírate jóven y rico : (Record no. 46097)

MARC details
000 -CABECERA
campo de control de longitud fija 00969nam a2200265 u 4500
001 - NÚMERO DE CONTROL
campo de control 000046608
005 - FECHA Y HORA DE LA ÚLTIMA TRANSACCIÓN
campo de control 20250224110755.0
008 - DATOS DE LONGITUD FIJA--INFORMACIÓN GENERAL
campo de control de longitud fija 170125s2010 mx c r 000 0 spa d
020 ## - NÚMERO INTERNACIONAL ESTÁNDAR DEL LIBRO
Número Internacional Estándar del Libro 9789708120210
040 ## - FUENTE DE LA CATALOGACIÓN
Centro catalogador/agencia de origen DO-SdBNP
Lengua de catalogación spa
Centro/agencia transcriptor BNPHU
082 ## - NÚMERO DE LA CLASIFICACIÓN DECIMAL DEWEY
Número de clasificación 332.02401
Número de documento/Ítem K628r
100 1# - ENTRADA PRINCIPAL--NOMBRE DE PERSONA
Nombre de persona Kiyosaki, Robert T.
9 (RLIN) 74604
240 10 - TÍTULO UNIFORME
Título uniforme Retire young retire rich.
Lenguaje de la obra Español
245 10 - MENCIÓN DE TÍTULO
Título Retírate jóven y rico :
Resto del título ¡Cómo volverse rico pronto y para siempre! /
Mención de responsabilidad, etc. Robert T. Kiyosaki, Sharon L. Lechter ; traducción María Andrea Giovine.
260 ## - PUBLICACIÓN, DISTRIBUCIÓN, ETC.
Lugar de publicación, distribución, etc. México :
Nombre del editor, distribuidor, etc. Santillana Ediciones Gerales,
Fecha de publicación, distribución, etc. 2010.
300 ## - DESCRIPCIÓN FÍSICA
Extensión 576 p. :
Otras características físicas il. ;
Dimensiones 24 cm.
490 1# - MENCIÓN DE SERIE
Mención de serie Punto de lectura
-- negocios
650 #4 - PUNTO DE ACCESO ADICIONAL DE MATERIA--TÉRMINO DE MATERIA
Término de materia o nombre geográfico como elemento de entrada Finanzas personales
9 (RLIN) 8282
650 #4 - PUNTO DE ACCESO ADICIONAL DE MATERIA--TÉRMINO DE MATERIA
Término de materia o nombre geográfico como elemento de entrada Seguridad financiera
9 (RLIN) 74605
650 #0 - PUNTO DE ACCESO ADICIONAL DE MATERIA--TÉRMINO DE MATERIA
Término de materia o nombre geográfico como elemento de entrada Salud
9 (RLIN) 1687
650 #4 - PUNTO DE ACCESO ADICIONAL DE MATERIA--TÉRMINO DE MATERIA
Término de materia o nombre geográfico como elemento de entrada Pensiones a la vejez
9 (RLIN) 11122
700 12 - PUNTO DE ACCESO ADICIONAL--NOMBRE DE PERSONA
Nombre de persona Lechter, Sharon L.
9 (RLIN) 74606
700 12 - PUNTO DE ACCESO ADICIONAL--NOMBRE DE PERSONA
Nombre de persona Giovine, María Andrea,
Término indicativo de función/relación tr.
9 (RLIN) 59813
830 #0 - PUNTO DE ACCESO ADICIONAL DE SERIE-TÍTULO UNIFORME
Título uniforme Punto de lectura
Nombre de parte o sección de la obra negocios
9 (RLIN) 74607
Holdings
Estado de retiro Estado de pérdida Restricciones de uso No para préstamo Código de colección Localización permanente Ubicación/localización actual Ubicación en estantería Fecha de adquisición Número de inventario Total de préstamos Signatura topográfica completa Código de barras Fecha visto por última vez Precio válido a partir de Tipo de ítem Koha
    Préstamo interno   Monografías: Libros y Folletos General General En catalogación 25.01.2017 LF1   332.02401 K628r 46608-10 25.06.2020 25.06.2020 Préstamo interno

Powered by Koha